| 000 | 00602nam a22001817a 4500 | ||
|---|---|---|---|
| 005 | 20251108165408.0 | ||
| 008 | 250721s1965 xx 000 0 ara d | ||
| 082 | 1 | 4 | _aم/926.1/إبن |
| 100 | 1 | _aإبن أبي أصبيعه، موفق الدين أبو العباس أحمد بن القاسم | |
| 245 | 1 | 0 | _aعيون الأنباء في طبقات الأطباء / |
| 264 | 1 |
_aبيروت : _bدار مكتبة الحياة، _c1965. |
|
| 300 | _a792ص | ||
| 650 | 1 | 7 | _aالأطباء |
| 650 | 1 | 7 | _aالتراجم |
| 700 | 1 |
_aرضا، نزار _eتحقيق |
|
| 942 |
_2ddc _cREF |
||
| 999 |
_c26880 _d26880 |
||